| 000 | 00835nam a2200253Ia 4500 | ||
|---|---|---|---|
| 001 | 1825 | ||
| 005 | 20240113233517.0 | ||
| 007 | ta | ||
| 008 | 050212s1983 a g b000 u eng u | ||
| 040 | _aReference | ||
| 041 | _aeng | ||
| 082 |
_a010 _bpa 27 do |
||
| 100 | _aPathak , Lalit . | ||
| 245 | 0 |
_aDissertation on North Eastern of India(An index to D Litt.,M.Phil., Phd ,M.Phil M. Ed. &M. Sc .Theses&Di ssertation up to 1982 / _cLalit Pathak. _hTextual Documents |
|
| 250 | _aIst Edition / | ||
| 260 |
_aShillong : _bNorth Eastern Hill University Library , _c1983. |
||
| 300 |
_a125p. : _bill ; _c27Cm . |
||
| 500 | _aTwo Part(i) Natural Science,( ii )Humanities&Social Science) | ||
| 504 | _aBibliographies on North Eastern India 4 | ||
| 653 | _aDissertation | ||
| 942 |
_2ddc _cBK |
||
| 999 |
_c1820 _d1820 |
||